000 00752nam a2200277 a 4500
001 000108150
003 CHAP
005 20240513144105.0
008 131210s2005 flua |r| |||1|||eng|d
010 _a104612
011 _a105584
020 _a0849331676
040 _cCHAP
082 0 4 _a631.585
_bJ76 2005
100 0 0 _aJones, J. Benton, Jr.
_962025
245 1 0 _aHydroponics :
_bA practical guide for the soilless grower /
_cpor J. Benton Jones Jr.
250 _a2 ed.
260 3 _aBoca Raton Fl. :
_bCRC Press,
_c2005.
300 _axiv, 423 p.
_e+ CD (4 3/4 plg)
590 _aE792CSJ
_b05
_c20131210
590 _aE792CSJ
_b05
_c20131210
650 1 4 _aHidroponía.
_955280
901 _aBK
942 _cLIBRO
_2ddc
942 _n0
_2ddc
999 _c104612
_d104612